LEADER 00924nam a2200229 i 4500 001 000000132229 003 CaOOAMICUS 005 20041203000000.0 008 041203s1910 it u000 u ita u 013 $a105172 040 $aSeMil$bita 100 1 $aManzini, L.$0(OLS)http://semarc/name/54478 245 10$aS. Carlo e il Ven. Bascapè /$cP. L. Manzini. 260 $aMonza :$bArtigianelli,$c1910. 300 $a100 p. ;$c25 cm. 600 04$aBorromeo, Carlo .$0(OLS)http://semarc/subject/690 600 14$aBascapè, Carlo .$0(OLS)http://semarc/subject/1078 850 $aSeMil 852 $aSeMil$W1$xVenegono$y1$m464 10 *$j86149$B86149$CSeMilBibl$Z2$F90876 $81 961 $aRecupero: Biblioteca Seminario Saronno 996 $6245$aS. Carlo e il Ven. Bascapè$9(OLS)http://semarc/title/194268 996 $6260$aMonza :$bArtigianelli$9(OLS)http://semarc/publisher/33918 LEADER 01007nam a2200229 i 4500 001 000000252810 003 CaOOAMICUS 005 20170207000000.0 008 170207s2016 gw u000 u ger u 013 $a231715 040 $aSeMil$bita 245 10$aTeilband 2. 260 $aMünster :$bAschendorff,$c2016. 300 $aP. 612-1253. 490 0 $aLiturgiewissenschaftliche Quellen und Forschungen ;$v107./2 773 0 $aDurand, Guillaume, $tRationale divinorum officiorum.$dMünster : Aschendorff, 2016.$kLiturgiewissenschaftliche Quellen und Forschungen$z978-3-402-11267-0$g2$w()5193 830 0$aLiturgiewissenschaftliche Quellen und Forschungen ;$v107./2.$0(OLS)http://semarc/title/188 850 $aSeMil 852 $aSeMil$W1$xVenegono$y1$m3KA D 107/2$j223650$B203156$CSeMilBibl$Z2$F215880 $81 961 $aSottoscrizione: Aschendorff 996 $6245$aTeilband 2$9(OLS)http://semarc/title/410175 996 $6260$aMünster :$bAschendorff$9(OLS)http://semarc/publisher/29674